| 000 | 00550nam a22001577a 4500 | ||
|---|---|---|---|
| 999 |
_c534559 _d534559 |
||
| 020 | _qHard Cover | ||
| 082 | _a660 | ||
| 100 | _aHasan, Daniyal | ||
| 245 |
_aOxidation of Methanol using different oxidizing agents for the synthesis of Formic Acid, and its reactor design / _cDaniyal Hassan. |
||
| 260 |
_aIslamabad: _bSCME - NUST, _c2015. |
||
| 300 |
_a72 p. : _bill. ; _c30cm. |
||
| 942 |
_2ddc _cTHE |
||
| 650 |
_aChemical Engineering MS-Thesis. _916130 |
||
| 700 |
_aDr. Imran Mahmood _916359 |
||